00640nam a2200181Ia 4500952011000000999001700110008004100127020001500168082002200183100003400205245005400239250004000293260004200333300001800375519004300393650001500436942000700451 00104070a01b01d2007-01-25l1o070.4 C133p 1992p01 000290r2017-02-07s2017-02-07t1w2012-06-24yLB c55465d55465120622s1992 sp 000 0 spa d a8428319561 a070.4bC133p 1992 aCalvo Hernando, Manueleautor aPeriodismo científicoc / Manuel Calvo Hernando a2a. edición revisada y compilada aMadrid, Españab: Paraninfoc, 1992 a172 páginas aMaterial Complementario /d(01 000290)14aPERIODISMO cLB